| 000 | 00483nam a2200169Ia 4500 | ||
|---|---|---|---|
| 005 | 20250923150311.0 | ||
| 008 | 008 250917s9999 xx 000 0 eng d | ||
| 037 | _aTextual | ||
| 040 |
_aDSWL _beng _cDSWL |
||
| 041 |
_aeng _2eng |
||
| 084 |
_aY:7:7.2, Q0 _qDSWL |
||
| 245 | 0 |
_aOrigin & development of social work _cEd.by Gracious Thomas |
|
| 260 |
_aNew Delhi _b IGNOU India _c2010 |
||
| 300 | _a380p. | ||
| 942 |
_cTEXL _hY:7:7.2, Q0 |
||
| 999 |
_c1461853 _d1461853 |
||